| 000 | 00728nam a22002417a 4500 | ||
|---|---|---|---|
| 999 |
_c10571 _d10571 |
||
| 003 | AR-CdUCM | ||
| 008 | 190401b ||||| |||| 00| 0 spa d | ||
| 020 | _a1-55858-346-7 | ||
| 040 |
_aMUNICIPALIDAD PROVINCIAL DEL CUSCO _cBIBLIOTECA MUNICIPAL DEL CUSCO |
||
| 041 | _heng. | ||
| 082 |
_aEP / 803 / _bP51 |
||
| 100 |
_aPfister, Marcus _927516 |
||
| 245 | _aEl pinguino Pedro y el pequeño Timoteo / | ||
| 260 |
_aNew York / _bEdic. Norte-Sur. _c1998 |
||
| 300 |
_bIlustraciones _c22 cm. |
||
| 500 | _aLibro sin numeración / | ||
| 505 | _aContenido : Cuento / | ||
| 650 |
_aLiteratura Americana _912159 |
||
| 650 |
_aCuento _94671 |
||
| 700 |
_a Elena Moro (traductor) _927517 |
||
| 942 |
_2ddc _cLIBROS |
||
| 945 | _arjall | ||